Statistics for Countries with Collective Security Treaties

Click here to take the quiz!

General Stats

  • This quiz has been taken 15 times
    (4 since last reset)
  • The average score is 87 of 90

Answer Stats

Country% Correct
Albania
100%
Antigua and Barbuda
100%
Argentina
100%
Australia
100%
Austria
100%
Azerbaijan
100%
Bahamas
100%
Bahrain
100%
Belarus
100%
Belgium
100%
Brazil
100%
Bulgaria
100%
Burkina Faso
100%
Canada
100%
Chile
100%
China
100%
Colombia
100%
Costa Rica
100%
Croatia
100%
Cyprus
100%
Czechia
100%
Denmark
100%
Dominica
100%
Dominican Republic
100%
Estonia
100%
Finland
100%
France
100%
Germany
100%
Greece
100%
Grenada
100%
Guatemala
100%
Guyana
100%
Haiti
100%
Honduras
100%
Hungary
100%
Iceland
100%
Ireland
100%
Israel
100%
Italy
100%
Japan
100%
Kazakhstan
100%
Kuwait
100%
Kyrgyzstan
100%
Latvia
100%
Lithuania
100%
Luxembourg
100%
Mali
100%
Marshall Islands
100%
Micronesia
100%
Netherlands
100%
New Zealand
100%
Niger
100%
North Korea
100%
North Macedonia
100%
Norway
100%
Oman
100%
Pakistan
100%
Palau
100%
Paraguay
100%
Peru
100%
Poland
100%
Portugal
100%
Qatar
100%
Romania
100%
Russia
100%
Saint Lucia
100%
Saudi Arabia
100%
Slovakia
100%
Slovenia
100%
South Korea
100%
Spain
100%
Sweden
100%
Taiwan
100%
Tajikistan
100%
Thailand
100%
Trinidad and Tobago
100%
Turkey
100%
United Arab Emirates
100%
United Kingdom
100%
United States
100%
Uruguay
100%
Barbados
75%
El Salvador
75%
Montenegro
75%
Panama
75%
Saint Kitts and Nevis
75%
Saint Vincent and the Grenadines
75%
Malaysia
50%
Philippines
50%
Singapore
50%

Score Distribution

Percentile by Number Answered

Percent of People with Each Score

Your Score History

You have not taken this quiz since the last reset